02886nab a2200301uuc4500001000800000005001700008008004100025035001200066040001300078041000800091100004700099245022200146520150300368610005501871650003601926650003401962650003501996650004402031700004602075700004502121700005702166700005502223700004802278700005802326773017102384942001002555999001902565154104820240405090711.0200131 spa  a1541048 ccomduadb aspa10aArroyave Sierra, Esteban4auteaut959221010aAislamiento e identificación de bacterias con potencial nosocomial procedentes de ambientes y superficies de una clínica veterinaria Universitaria del Área Metropolitana del Valle de Aburrá, Antioquia-Colombia3 aIntroducción: Las infecciones nosocomiales son aquellas adquiridas por los pacientes durante la hospitalización. Son de gran importancia en medicina humana pero aún se desconoce cuál es su papel en medicina veterinaria. Objetivo: Identificar la presencia de bacterias asociadas a infecciones hospitalarias en ambientes y superficies en una clínica veterinaria. Materiales y métodos: Se realizaron dos muestreos, se determinó a través de sedimentación y torunda la presencia de bacterias en el ambiente y las superficies de las 8 unidades de la clínica veterinaria. La presencia de nosocomiales se determinó por el crecimiento y purificación en medios diferenciales, la identificación se hizo por descripción macroscópica de las colonias y tinción de Gram y posteriormente se realizó una caracterización bioquímicamente por medio del API20E y API50 CH/E y un antibiograma en las cepas relacionadas con resistencia a antibióticos. Resultados: Se obtuvo 95 aislados y se logró determinar la presencia de 28 agentes potencialmente nosocomiales, donde se destaca la presencia de Pseudomonas aeruginosa, Proteus sp. y Staphylococcus sp. microorganismos relacionados con infecciones asociadas a hospitales veterinarios. Conclusiones: Se realiza la primera aproximación a este tipo de infecciones en hospitales veterinarios en Antioquia, y se evidencia la circulación en ambiente y superficies de potenciales bacterias nosocomiales en la clínica veterinaria.24aÁrea Metropolitana del Valle de Aburrá9830203 aInfección hospitalaria950428 aClinicas veterinarias9138764 aHospitales veterinarios956149 7aMonitoreo epidemiológico2dcs915530310aUribe Buritica, Jessica4auteaut979588910aGranados Acevedo, Sara4auteaut979568410aGutiérrez Ramírez, Luz Adriana4auteaut945635410aArismendi González, Lina Maria4auteaut968875310aVidal Arboleda, Juana Liz4auteaut943926810aLondoño Barbaran, Andrés Felipe4auteaut95352960 tInfectio : Revista de la Asociación Colombiana de Infectología (Medellín)gVolumen 23, Número 03, Julio-Septiembre de 2019, 227-233w648190x0123-93920190879 cARIMP c821329d821329